000 00529nam a22002057a 4500
003 OSt
005 20140310182928.0
008 130130t xxu||||| |||| 00| 0 eng d
020 _a9711180790
050 _aBJ1012
_b.Q8 1989
082 _aFIL 170
_bQ4 1989
245 _aFundamentals of ethics
_cQuito, Ermita S.
260 _aManila :
_bDe La Salle University Press,
_c1989.
300 _a187 p. ;
_c22 cm.
521 _aCollege
526 _c1210L-1700L
541 _j1
562 _e1
942 _2lcc
_cBK
_kFIL
999 _c17477
_d17477